Переписка М. А. Балакирева с В. В. Стасовым (Запись № 13532937)

Подробности
000 -МАРКЕР
контрольное поле 02620nam0a2200445 4500
001 - ИДЕНТИФИКАТОР ЗАПИСИ
контрольное поле RU\NLR\BIBL_A\022644522
005 - ИДЕНТИФИКАТОР ВЕРСИИ
контрольное поле 20260406101726.0
010 ## - МЕЖДУНАРОДНЫЙ СТАНДАРТНЫЙ НОМЕР КНИГИ (ISBN)
Номер (ISBN) 978-5-507-52620-8
Тираж 30
035 ## - ДРУГИЕ СИСТЕМНЫЕ НОМЕРА
Идентификатор записи (NLR Aleph) 022644522
100 ## - ДАННЫЕ ОБЩЕЙ ОБРАБОТКИ
Данные общей обработки 20251015d2025 u y0rusy50 ca
101 0# - ЯЗЫК РЕСУРСА
Язык текста, звукозаписи и т.д. русский
Язык резюме английский
102 ## - СТРАНА ПУБЛИКАЦИИ ИЛИ ПРОИЗВОДСТВА
Страна публикации Российская Федерация
105 ## - ПОЛЕ КОДИРОВАННЫХ ДАННЫХ: ТЕКСТОВЫЕ МАТЕРИАЛЫ, МОНОГРАФИЧЕСКИЕ
Кодированные данные о монографическом текстовом документе g j 000yy
181 #0 - ПОЛЕ КОДИРОВАННЫХ ДАННЫХ: ВИД СОДЕРЖАНИЯ
Код вида содержания (ISBD) i3
Код характеристики содержания (ISBD) axxe
182 #0 - ПОЛЕ КОДИРОВАННЫХ ДАННЫХ: ТИП СРЕДСТВА
Код типа средства (ISBD) n - непосредственное
200 1# - ЗАГЛАВИЕ И СВЕДЕНИЯ ОБ ОТВЕТСТВЕННОСТИ
Основное заглавие Переписка М. А. Балакирева с В. В. Стасовым
Сведения, относящиеся к заглавию учебное пособие
Первые сведения об ответственности М. А. Балакирев
203 ## - ВИД СОДЕРЖАНИЯ И ТИП СРЕДСТВА
Вид содержания Текст
Дополнительные сведения об издании визуальный
Тип средства непосредственный
205 ## - СВЕДЕНИЯ ОБ ИЗДАНИИ
Сведения об издании 2-е изд., испр.
210 ## - ПУБЛИКАЦИЯ, РАСПРОСТРАНЕНИЕ И ДР.
Место издания, распространения и т.д. Санкт-Петербург [и др.]
Имя издателя, распространителя и т. д. Лань, Планета музыки
Дата издания, распространения и т.д. 2025
215 ## - ФИЗИЧЕСКАЯ ХАРАКТЕРИСТИКА
Специфическое обозначение материала и объем 385, [2] с.
Другие сведения о физической характеристике ноты
Размеры 24
300 ## - ОБЩИЕ ПРИМЕЧАНИЯ
Текст примечания Авт. указан на обороте тит. л.
300 ## - ОБЩИЕ ПРИМЕЧАНИЯ
Текст примечания Рез. англ.
320 ## - ПРИМЕЧАНИЯ О НАЛИЧИИ В ДОКУМЕНТЕ БИБЛИОГРАФИИ / УКАЗАТЕЛЯ
Текст примечания Библиогр. в тексте и в подстроч. примеч.
327 1# - ПРИМЕЧАНИЯ О СОДЕРЖАНИИ
Текст примечания В кн. также: Переписка Балакирева и Стасова как музыкально-исторический материал / Г. Киселев
333 ## - ПРИМЕЧАНИЯ ОБ ОСОБЕННОСТЯХ РАСПРОСТРАНЕНИЯ И ИСПОЛЬЗОВАНИЯ
Текст примечания 12+
464 #0 - АНАЛИТИЧЕСКИЙ УРОВЕНЬ
Встроенное поле 2001#$aПереписка Балакирева и Стасова как музыкально-исторический материал$fГ. Киселев
-- 700#1$3RU\NLR\AUTH\770288603$aКиселев$bГ. Л.$cканд. искусствоведения$f1901-1952$gГригорий Леонидович
Заглавие Переписка Балакирева и Стасова как музыкально-исторический материал
Автор Киселев, Григорий Леонидович (канд. искусствоведения ; 1901-1952)
600 #1 - ИМЯ ЛИЦА КАК ПРЕДМЕТ
Начальный элемент ввода Балакирев
Часть имени, кроме начального элемента ввода М.А.
Даты 1836 - 1910
Расширение инициалов личного имени Милий Алексеевич
Формальный подзаголовок Переписка
Системный номер авторитетной/нормативной записи 1092220
Идентификатор авторитетной/нормативной записи RU\NLR\AUTH\66109505
600 #1 - ИМЯ ЛИЦА КАК ПРЕДМЕТ
Начальный элемент ввода Стасов
Часть имени, кроме начального элемента ввода В. В.
Даты 1824 - 1906
Расширение инициалов личного имени Владимир Васильевич
Формальный подзаголовок Переписка
Системный номер авторитетной/нормативной записи 1253393
Идентификатор авторитетной/нормативной записи RU\NLR\AUTH\66513479
686 1# - ИНДЕКСЫ ДРУГИХ КЛАССИФИКАЦИЙ
Индекс Щ10г(2)53дСтасов
686 1# - ИНДЕКСЫ ДРУГИХ КЛАССИФИКАЦИЙ
Индекс Щ31г(2)53дСтасов
686 1# - ИНДЕКСЫ ДРУГИХ КЛАССИФИКАЦИЙ
Индекс Щ101.3(2Р)53дСтасов
686 1# - ИНДЕКСЫ ДРУГИХ КЛАССИФИКАЦИЙ
Индекс Щ313(2Р=Рус)51-81Балакирев
700 #1 - ИМЯ ЛИЦА - ПЕРВИЧНАЯ ОТВЕТСТВЕННОСТЬ
Графика поля Кириллица
Материалы, к которым относится поле rus
Начальный элемент ввода Балакирев
Часть имени, кроме начального элемента ввода М. А.
Даты 1836-1910
Расширение инициалов личного имени Милий Алексеевич
Системный номер авторитетной/нормативной записи 37453
Идентификатор авторитетной/нормативной записи RU\NLR\AUTH\7754521
701 #1 - ИМЯ ЛИЦА - АЛЬТЕРНАТИВНАЯ ОТВЕТСТВЕННОСТЬ
Графика поля Кириллица
Материалы, к которым относится поле rus
Начальный элемент ввода Стасов
Часть имени, кроме начального элемента ввода В. В.
Даты 1824-1906
Расширение инициалов личного имени Владимир Васильевич
Системный номер авторитетной/нормативной записи 64315
Идентификатор авторитетной/нормативной записи RU\NLR\AUTH\7781387
942 ## - ДОПОЛНИТЕЛЬНЫЕ ЭЛЕМЕНТЫ ЗАПИСИ (АБИС)
Тип экземпляра АБИС Книга
980 ## - КОЛЛЕКЦИЯ
Название коллекции Национальная библиография

Нет доступных экземпляров.